Jugadores Austria #1 - Estadísticas

Estadísticas generales
  • Esta prueba ha sido intentada 13 veces
  • La puntuación promedio es 7 de 20
Estadísticas de respuestas
Imagen Respuesta % Correcto
Alaba
100%
Sabitzer
100%
Arnautovic
73%
Danso
64%
Laimer
64%
Posch
45%
Schlager
36%
Lazaro
27%
Trauner
27%
Wober
27%
Baumgartner
18%
Gregoritsch
18%
Kainz
18%
Kalajdzic
18%
Lienhart
18%
Trimmel
18%
Wimmer
18%
Cham
9%
Onisiwo
9%
Seiwald
9%
No se encontraron pruebas coincidentes
Distribución de puntuación
Porcentaje de gente con cada puntuación
Porcentaje por número respondido
Historial de tus puntuaciones
No has intentado esta prueba.